Welcome to the Holygrace Academy Library

Please use search bar below to get started

SWAMI VIVEKANANDANTTE DHARSANANGALUM DAUTHYAVUM (Record no. 8898)

MARC details
000 -LEADER
fixed length control field 00404nam a22001337a 4500
082 ## - DEWEY DECIMAL CLASSIFICATION NUMBER
Classification number 894.712
Item number VIV/S
100 ## - MAIN ENTRY--AUTHOR NAME
Personal name VIVEKANANDAN, B
245 ## - TITLE STATEMENT
Title SWAMI VIVEKANANDANTTE DHARSANANGALUM DAUTHYAVUM
246 ## - VARYING FORM OF TITLE
Title proper/short title SWAMI VIVEKANANDANTTE DHARSANANGALUM DAUTHYAVUM
Remainder of title SWAMI VIVEKANANDANTTE DHARSANANGALUM DAUTHYAVUM
260 ## - PUBLICATION, DISTRIBUTION, ETC. (IMPRINT)
Place of publication INDIA
Name of publisher INDIA BOOKS
Year of publication 2013
300 ## - PHYSICAL DESCRIPTION
Number of Pages 40
650 ## - SUBJECT ADDED ENTRY--TOPICAL TERM
Topical Term MALAYALAM STUDY
942 ## - ADDED ENTRY ELEMENTS (KOHA)
Koha item type Books
Holdings
Withdrawn status Lost status Collection code Home library Current library Shelving location Date acquired Source of acquisition Cost, normal purchase price Full call number Accession Number Koha item type
    Non-fiction Main Library Main Library SHELF-16L- MALAYALAM BIOGRAPHY,STUDIES/CRITICISM 26/10/2023 PURCHASED 35.00 894.712 VIV/S 13184 Books